|
|
|
|
| LEADER |
00711nam a2200193 a 4500 |
| 005 |
20160826095536.0 |
| 008 |
960221s1955 dcuabcdjdbkoqu001 0deng d |
| 003 |
ViArRB |
| 082 |
|
|
|a 519.237 GRE
|
| 100 |
|
|
|a Green, Paul E.
|9 2284
|
| 245 |
|
|
|a Mathematical tools for applied multivariate analysis
|
| 260 |
|
|
|a New York
|b Academic Press
|c 1997
|
| 300 |
|
|
|a xiii, 376p.,
|b ,
|c Book
|
| 653 |
|
|
|a
|
| 700 |
|
|
|a Carroll, J. Douglas
|9 2285
|
| 942 |
|
|
|c BK
|6 _
|
| 999 |
|
|
|c 177388
|d 177388
|
| 952 |
|
|
|0 0
|1 0
|2 ddc
|4 0
|6 519237_GRE1
|7 0
|9 229342
|a STA
|b STA
|d 0000-00-00
|o 519.237 GRE;1
|p STA1014
|r 2009-08-18
|w 2009-08-18
|y BK
|
| 952 |
|
|
|0 0
|1 0
|2 ddc
|4 0
|6 519237_GRE
|7 0
|9 229343
|a STA
|b STA
|d 2009-10-05
|o 519.237 GRE
|p STA494
|r 2009-10-05
|w 2009-10-05
|y BK
|